000 00294nam a22001337a 4500
008 181001b xxu||||| |||| 00| 0 eng d
020 _a9780072428346
041 _aeng
080 _a620
100 _a27
101 _aMEK
245 _aPRO/Engineer Instructor
_cKelley,D.S
942 _2udc
_cBK
999 _c48747
_d48747